000 00611nam a2200205Ia 4500
001 9831
003 GE_BSU
008 181216s||||||||xx |||||||||||||| ||und||
040 _cGE_BSU
080 _a821.353.1–1
100 _aმრევლიშვილი,მაყვალა
245 _aლექსები
245 _cრედ.ი.აბაშიძე.;მხატვ.ი.ჯანაშვილი
260 _aთბილისი
260 _bსაბჭ.მწერალი
260 _c1958
300 _a235გვ.16სმ.
653 _aლექსები
942 _cBK
999 _c43110
_d43110